Online
Catalog

Mirando la oscuridad / (Record no. 4352)

MARC details
000 -CABECERA
campo de control de longitud fija 00798nam a2200241 a 4500
001 - NÚMERO DE CONTROL
campo de control 000004544
005 - FECHA Y HORA DE LA ÚLTIMA TRANSACCIÓN
campo de control 20200929151446.0
008 - DATOS DE LONGITUD FIJA--INFORMACIÓN GENERAL
campo de control de longitud fija 750421s1979 mx 000 f spa
020 ## - NÚMERO INTERNACIONAL ESTÁNDAR DEL LIBRO
Número Internacional Estándar del Libro 9681308212
040 ## - FUENTE DE LA CATALOGACIÓN
Centro catalogador/agencia de origen DO-SdBNP
Lengua de catalogación spa
Centro/agencia transcriptor BNPHU
041 17 - CÓDIGO DE LENGUA
Código de lengua del texto/banda sonora o título independiente spa
Código de lengua original eng
Fuente del código Código de idioma MARC
082 ## - NÚMERO DE LA CLASIFICACIÓN DECIMAL DEWEY
Número de clasificación 896.3
Número de documento/Ítem B858m
100 1# - ENTRADA PRINCIPAL--NOMBRE DE PERSONA
Nombre de persona Brink, André Philippus
Forma completa/desarrollada del nombre (André Philippus Brink),
Fechas asociadas al nombre 1935-
9 (RLIN) 13277
240 10 - TÍTULO UNIFORME
Título uniforme Looking on darkness.
Lenguaje de la obra Español
245 10 - MENCIÓN DE TÍTULO
Título Mirando la oscuridad /
Mención de responsabilidad, etc. André Brink; traducción, R. G. P.
260 ## - PUBLICACIÓN, DISTRIBUCIÓN, ETC.
Lugar de publicación, distribución, etc. México :
Nombre del editor, distribuidor, etc. Diana,
Fecha de publicación, distribución, etc. 1979.
300 ## - DESCRIPCIÓN FÍSICA
Extensión 464 p. ;
Dimensiones 22 cm.
534 ## - NOTA SOBRE LA VERSIÓN ORIGINAL
Encabezamiento principal del original Título original:
Mención de título del original Looking on darkness.
650 #4 - PUNTO DE ACCESO ADICIONAL DE MATERIA--TÉRMINO DE MATERIA
Término de materia o nombre geográfico como elemento de entrada Novela africana
9 (RLIN) 12933
650 #4 - PUNTO DE ACCESO ADICIONAL DE MATERIA--TÉRMINO DE MATERIA
Término de materia o nombre geográfico como elemento de entrada Literatura africana
9 (RLIN) 12934
700 1# - PUNTO DE ACCESO ADICIONAL--NOMBRE DE PERSONA
Nombre de persona R. G. P.,
Término indicativo de función/relación tr.
9 (RLIN) 13278
910 ## - DATOS DE OPCIÓN DEL USUARIO (OCLC)
Datos de opción del usuario Catalogación original noche
Holdings
Estado de retiro Estado de pérdida Restricciones de uso No para préstamo Código de colección Localización permanente Ubicación/localización actual Ubicación en estantería Fecha de adquisición Número de inventario Total de préstamos Signatura topográfica completa Código de barras Fecha visto por última vez Precio válido a partir de Tipo de ítem Koha
    Préstamo interno   Monografías: Libros y Folletos General General En catalogación 23.07.2009 LF1   896.3 B858m 4544-10 25.06.2020 25.06.2020 Préstamo interno

Powered by Koha